LEADER 00949nam a2200229 u 4500 001 000000016168 003 CaOOAMICUS 005 20070226105949.0 008 940805s1934 it u000 u lat u 035 $a10378772 040 $aPUl(R)$bita 111 2 $aCongresso giuridico internazionale$d(1934 :$cRoma).$0(OLS)http://pul/name/14739 245 10$aSchemata relationum. 260 $aRomae :$bapud Institutum utrisque iuris,$c1934. 300 $a109 p. ;$c24 cm 850 $aPUL 852 $aPUL$W1$xDP2 Diritto Canonico 1$y64$m146 F 10$j22785$nBK-PRI$qStampati$B22785$CPULBib$Z2$F22785 $82 852 $aPUL$W1$xCollocazioni Temporanee$y24$m263 I 49$j22786$nBK-PRI$b $qStampati$B22786$CPULBib$Z2$F22786 $HPUL9018 $81 941 1 $a8 961 $aINV: 23986 996 $6245$aSchemata relationum$9(OLS)http://pul/title/23083 996 $6260$aRomae :$bapud Institutum utrisque iuris$9(OLS)http://pul/publisher/54957 LEADER 00998nam a2200265 a 4500 001 000000169031 003 CaOOAMICUS 005 20180910115245.0 008 180910s1974 it c u000 u ita r 032 $aLibriCat 040 $aPUL$bita 041 0 $aita$heng 100 1 $aJames, Henry,$d1843-1916.$0(OLS)http://pul/name/80271 240 10$aWashington square.$lItaliano.$0(OLS)http://pul/title/209579 245 10$aPiazza Washington / $cHenry James. 260 $aMilano :$bGarzanti,$c1974. 300 $axx, 212 p. :$b1 ritr. ; $c18 cm. 490 1 $aI Grandi libri Garzanti ;$v58 830 2$aI Grandi libri Garzanti ;$v58.$0(OLS)http://pul/title/166297 850 $aPUL 852 $aPUL$W1$xDP1 Fondo Dalla Palma$y117$m9 C 16$j44605$qFondi$B196992$CPULBib$Z2$F196992 $HDal1178 $81 941 1 $a1 996 $6245$aPiazza Washington / $9(OLS)http://pul/title/209578 996 $6260$aMilano :$bGarzanti$9(OLS)http://pul/publisher/49146